| 000 | 00761nam a2200193 a 4500 | ||
|---|---|---|---|
| 003 | 0 | ||
| 005 | 20250411113415.0 | ||
| 008 | 060802s19uu xx 00 eng d | ||
| 050 |
_aPHS QL 495.5 _b.S55 2006 |
||
| 100 | _aShiraishi, Asuka. | ||
| 245 |
_aThe Effects of different concentrations of Blumea balsamifera extract on cockroach Periplaneta americana / _cAsuka Shiraishi. |
||
| 260 |
_aLas PiƱas City, Philippines : _bSouthville International School and Colleges, _c2006. |
||
| 300 |
_a45 pages : _billustrations ; _c28 cm. |
||
| 504 | _aIncludes bibliographical references. | ||
| 650 |
_aCockroaches _xEffect of plant extracts on. |
||
| 650 |
_aPeriplaneta americana _xControl. |
||
| 650 |
_aPlant extracts _xInsecticidal properties. |
||
| 942 |
_2lcc _cPASS |
||
| 999 |
_c97665 _d97665 |
||